LS Constituencies of Gujarat - Statistics

General Stats
  • This quiz has been taken 15 times
  • The average score is 14 of 26
Answer Stats
Answer % Correct
Gandhinagar
82%
Kachchh
82%
Porbandar
82%
Rajkot
82%
Surat
82%
Bhavnagar
73%
Vadodara
73%
Jamnagar
64%
Navsari
64%
Valsad
64%
Amreli
55%
Anand
55%
Banaskantha
55%
Dahod
55%
Junagadh
55%
Patan
55%
Sabarkantha
55%
Surendranagar
55%
Bharuch
45%
Kheda
45%
Ahmedabad East
36%
Ahmedabad West
36%
Mahesana
36%
Panchmahal
27%
Chhota Udaipur
18%
Bardoli
9%
No matching quizzes found
Score Distribution
Percent of People with Each Score
Percentile by Number Answered
Your Score History
You have not taken this quiz